Eléments de Mathématique: Algèbre

Saved in:
Bibliografiske detaljer
Hovedforfatter: Bourbaki, Nicolás
Format: Bog
Sprog:fransk
Udgivet: París, Francia Harmann 1959
Serier:Actualités Scientifiques et Industrielles. 1272
Fag:
Tags: Tilføj Tag
Ingen Tags, Vær først til at tagge denne postø!

MARC

LEADER 00000nam a2200000 a 4500
001 UCP0578
003 CL-VaPUC
005 20230714082655.0
008 990313e19590000FR |||||||||||||||||fre|d
999 |c 279341  |d 279339 
040 |c Pontificia Universidad Católica de Valparaíso 
082 0 4 |a 512 BOU 1959  |2 21 
100 0 |a Bourbaki, Nicolás  |9 425932 
245 1 0 |a Eléments de Mathématique: Algèbre 
260 0 3 |a París, Francia  |b Harmann  |c 1959 
300 |a 211 páginas 
490 0 |a Actualités Scientifiques et Industrielles.  |v 1272 
505 |a Chapitre 9: formes sesquilinéaires et formes quadratiques. 
583 |a last modification  |c 19990313 00:00:00  |k Rodrigo Vera 
650 0 |a Álgebra  |9 259567 
650 0 |a Álgebra abstracta   |9 260081 
650 0 |a Estructuras algebraicas  |9 422373 
942 |c BK  |2 ddc 
945 |d 19990313 00:00:00  |a crobeson 
952 |0 0  |1 0  |2 ddc  |4 0  |6 512_000000000000000_BOU_1959  |7 0  |8 A  |9 318408  |a BIBMAT  |b BIBMAT  |d 2019-11-20  |i 1322214  |o 512 BOU 1959  |p 1322214  |r 2025-01-07  |t 1  |w 2019-11-20  |y BK  |k MAT 
952 |0 0  |1 0  |2 ddc  |4 0  |6 512_000000000000000_BOU_1959  |7 0  |8 A  |9 318409  |a BIBMAT  |b BIBMAT  |d 2019-11-20  |i 1322265  |o 512 BOU 1959  |p 1322265  |r 2025-01-07  |t 2  |w 2019-11-20  |y BK  |k MAT